A Interpretacao /

Uloženo v:
Podrobná bibliografie
Korporativní autor: Universidade Estadual do Río de Janeiro
Médium: Neznámo
Jazyk:Portuguese
Vydáno: Rio de Janeiro : Imago Editora, 1990.
Témata:
Tagy: Přidat tag
Žádné tagy, Buďte první, kdo vytvoří štítek k tomuto záznamu!

MARC

LEADER 000000000a22000000004500
001 011813
020 |a 8531201160 
041 0 |a por 
082 0 4 |a 809.03   |b U51i 
110 2 |a Universidade Estadual do Río de Janeiro 
245 1 0 |a A Interpretacao /   |c Universidade Estadual do Río de Janeiro. 
260 1 |a Rio de Janeiro :   |b Imago Editora,   |c 1990. 
300 |a 304 páginas 
650 4 |a FILOSOFIA DISCURSOS, CONFERENCIAS, ETC. 
650 4 |a LITERATURA DISCURSOS, CONFERENCIAS, ETC. 
650 4 |a SOCIOLOGIA DISCURSOS, CONFERENCIAS, ETC. 
650 4 |a COLOQUIO UERJ 
500 |a Colección George Yúdice 
999 |c 17841  |d 17841 
942 |c BK  |h 809.03 U51i  |2 z